Statistics for Human Body Science Quiz

Click here to take the quiz!

General Stats

  • This quiz has been taken 188 times
  • The average score is 11 of 15

Answer Stats

HintAnswer% Correct
Is The Organ That Controls All Functions In our Body.It is The Upper Most Organ.Brain
93%
The Bone That Protects The Brain In Any Cause.Skull
92%
Is a Essential Organ That Helps Digest Food, It Also Produces A Hydrocloric Acid.Stomach
86%
Is One of The Basic Senses, It Helps You See Things.Eyes
82%
Is The organ That Collects Oxygen And Delivering It To our Blood.Lungs
82%
Is a Essential Organ Under Your Rib Cage,It regulates most chemical levels in the blood and excretes a product called bile. This helps carry away waste productsLiver
79%
The Bone That Protects The Internal Organs.Ribs
78%
Is A organ Involved For Hearing.This is One of The Basic Human SensesEars
73%
Is the Organ That Absorbs All Nutrients, It Is Also The Longest Organ In The Human Body.Small Intestine
71%
are the cells of the immune system that are involved in protecting the body against both infectious disease and foreign invaders.White Blood Cell
69%
Is a Essential Organ That Is responsible For Cleaning The blood.Heart
66%
The Organ Where The Feces Are Thrown Away.Anus
63%
Is a Basic Organ That Helps You Break Down The food.It is The first Organ To Meet The food In THe digestive System.Mouth
63%
Is A Common Bone Problem,The Breaking Of any Bones in The human Body.Fracture
47%
It Is Responsible For Producing Saliva.Salivary Glands/Saliva Glands
38%

Score Distribution

Percentile by Number Answered

Percent of People with Each Score

Your Score History

You have not taken this quiz